IFM Opac

Japan: Financial markets and world economy (Record no. 15621)

MARC details
000 -LEADER
fixed length control field 00335nam a22001337a 4500
082 ## - DEWEY DECIMAL CLASSIFICATION NUMBER
Classification number 332.0952MON
100 ## - MAIN ENTRY--PERSONAL NAME
Personal name Monroe, Wilbur F.
245 ## - TITLE STATEMENT
Title Japan: Financial markets and world economy
260 ## - PUBLICATION, DISTRIBUTION, ETC.
Place of publication, distribution, etc. New York
Name of publisher, distributor, etc. Praeger
Date of publication, distribution, etc. 1973
300 ## - PHYSICAL DESCRIPTION
Extent xxix,217p.
Other physical details ill.L25cm.
500 ## - GENERAL NOTE
General note Includes Index
650 ## - SUBJECT ADDED ENTRY--TOPICAL TERM
Topical term or geographic name entry element World economy
942 ## - ADDED ENTRY ELEMENTS (KOHA)
Koha item type Books
Holdings
Withdrawn status Lost status Damaged status Not for loan Home library Current library Shelving location Date acquired Total Checkouts Full call number Barcode Date last seen Price effective from Koha item type
Withdrawn       IFM Main Campus Library IFM Main Campus Library Archival Collection 03/11/2016   332.0952MON 0000009680 03/11/2016 02/19/2022 Books